A REPORT ON THE ROLES OF THE ACCOUNTS DEPARTMENT IN IMPROVING REVENUE COLLECTION AND MANAGEMENT IN BUNGOMA COUNTY REFERRAL HOSPITAL (Record no. 3279)
[ view plain ]
| 000 -LEADER | |
|---|---|
| fixed length control field | 00697nam a22001937a 4500 |
| 003 - CONTROL NUMBER IDENTIFIER | |
| control field | OSt |
| 005 - DATE AND TIME OF LATEST TRANSACTION | |
| control field | 20211117075900.0 |
| 008 - FIXED-LENGTH DATA ELEMENTS--GENERAL INFORMATION | |
| fixed length control field | 211029b ||||| |||| 00| 0 eng d |
| 020 ## - INTERNATIONAL STANDARD BOOK NUMBER | |
| International Standard Book Number | - |
| 040 ## - CATALOGING SOURCE | |
| Transcribing agency | ALUPE UNUVERSITY |
| 050 ## - LIBRARY OF CONGRESS CALL NUMBER | |
| Classification number | HF5601 |
| Item number | .N36 2021 |
| 100 ## - MAIN ENTRY--PERSONAL NAME | |
| Personal name | Beryl Kutiri Namubuya |
| 245 ## - TITLE STATEMENT | |
| Title | A REPORT ON THE ROLES OF THE ACCOUNTS DEPARTMENT IN IMPROVING REVENUE COLLECTION AND MANAGEMENT IN BUNGOMA COUNTY REFERRAL HOSPITAL |
| Statement of responsibility, etc. | By Beryl Kutiri Namubuya |
| 260 ## - PUBLICATION, DISTRIBUTION, ETC. | |
| Place of publication, distribution, etc. | Alupe University |
| Name of publisher, distributor, etc. | Beryl Kutiri Namubuya |
| Date of publication, distribution, etc. | 2021 |
| 300 ## - PHYSICAL DESCRIPTION | |
| Extent | iv,15p: |
| Other physical details | ill; [some col]. |
| Dimensions | 28cm. |
| 504 ## - BIBLIOGRAPHY, ETC. NOTE | |
| Bibliography, etc. note | includes bibliographies references |
| 650 ## - SUBJECT ADDED ENTRY--TOPICAL TERM | |
| Topical term or geographic name entry element | Internal Revenue Service -- Accounting |
| 942 ## - ADDED ENTRY ELEMENTS (KOHA) | |
| Source of classification or shelving scheme | |
| Koha item type | AUC Undergraduate Projects |
| Suppress in OPAC | JO |
| Withdrawn status | Lost status | Source of classification or shelving scheme | Damaged status | Not for loan | Permanent Location | Current Location | Shelving location | Date acquired | Source of acquisition | Total Checkouts | Full call number | Barcode | Date last seen | Copy number | Price effective from | Koha item type | Public note |
|---|---|---|---|---|---|---|---|---|---|---|---|---|---|---|---|---|---|
| AU LIBRARY | AU LIBRARY | Open Shelf | 29.10.2021 | DONATED BY DR. WILLIAM OKEDI FROM DEPARTMENT OF PUBLIC HEALTH AND BEHAVIORAL SCIENCES | HF5601 .N36 2021 C1 | 28004497 | 29.10.2021 | 1 | 29.10.2021 | AUC Undergraduate Projects | JO | ||||||
| AU LIBRARY | AU LIBRARY | Open Shelf | 29.10.2021 | DONATED BY DR. WILLIAM OKEDI FROM DEPARTMENT OF PUBLIC HEALTH AND BEHAVIORAL SCIENCES | HF5601 .N36 2021 C2 | 28004496 | 29.10.2021 | 2 | 29.10.2021 | AUC Undergraduate Projects | JO |